Carlo's Song Noah Kahan - Statistics

General Stats
  • This quiz has been taken 13 times
  • The average score is 285 of 325
Answer Stats
Answer % Correct
a
100%
all
100%
And
100%
be
100%
comes
100%
Did
100%
did
100%
die
100%
dreaming
100%
escape
100%
find
100%
for
100%
from
100%
go
100%
good
100%
I
100%
I'll
100%
I'm
100%
in
100%
just
100%
Just
100%
know
100%
light
100%
looking
100%
me
100%
my
100%
of
100%
on
100%
only
100%
place
100%
skin
100%
Some
100%
song
100%
that
100%
the
100%
to
100%
We
100%
we
100%
were
100%
what
100%
Where
100%
who
100%
you
100%
You
100%
young
100%
your
100%
alive
89%
am
89%
busy
89%
By
89%
They
89%
Do
89%
every
89%
friends
89%
goddamn
89%
going
89%
got
89%
grew
89%
hair
89%
hope
89%
If
89%
is
89%
it
89%
it's
89%
its
89%
keep
89%
keeps
89%
laugh
89%
listen
89%
long
89%
lost
89%
other
89%
out
89%
playing
89%
remember
89%
same
89%
saw
89%
sin
89%
They
89%
wanna
89%
Well
89%
about
78%
been
78%
both
78%
bridges
78%
burning
78%
but
78%
But
78%
cover
78%
direction
78%
don't
78%
down
78%
drinking
78%
eyes
78%
fine
78%
grief
78%
growing
78%
guess
78%
have
78%
head
78%
impatience
78%
like
78%
lot
78%
love
78%
morning
78%
never
78%
oo-oo
78%
oo-oo-oo-oo
78%
parking
78%
say
78%
sister's
78%
statement
78%
tell
78%
weekend
78%
Yeah
78%
anger
67%
anymore
67%
at
67%
before
67%
city
67%
drowns
67%
floor
67%
found
67%
has
67%
Jack
67%
milk
67%
moment
67%
moved
67%
noise
67%
regret
67%
see
67%
shown
67%
spilled
67%
Still
67%
then
67%
trail
67%
wasted
67%
hoping
56%
letting
56%
prophetic
56%
speakers
56%
sunset
56%
tower
56%
White
56%
fire
44%
haven't
44%
walked
44%
Lord
33%
this
33%
ya
22%
raged
11%
Woo
0%
Woo-oo
0%
Woo-oo-oo
0%
No matching quizzes found
Score Distribution
Percent of People with Each Score
Percentile by Number Answered
Your Score History
You have not taken this quiz